000 01489nam a2200325 i 4500
003 EG-GICUC
005 20260511142838.0
008 260511s2005 ua |||fr|||| 00| 0 Ara d
040 _a EG-GICUC
_bara
_c EG-GICUC
_d EG-GICUC
_erda
041 0 _aAra
082 0 4 _221
_a343.421
_bال . ق
092 0 4 _221
099 _aLaw1 10 343.421 ال . ق 2005
100 0 _aالسيد خلف محمد
_eمؤلف.
245 1 0 _aقضاء المخدرات وقواعد الضبط والتفتيش وتسبيب الأحكام.
_nالجزء الأول،
_pالتعليق على نصوص قانون المخدرات بالمقارنة بأحكام الشريعة الإسلامية بمسائل قانونية واجرائية متعلقة بجرائم المخدرات /
_bتأليف المستشار السيد خلف محمد.
250 _aالطبعة السابعة
264 1 _aالقاهرة :
_bالمركز القومى للإصدارات القانونية،
_c2005.
300 _a811 ؛صفحة
_c24 سم.
336 _2rda content
_atext
337 _2rda media
_aComputer
338 _2rda carrier
_aOnline Resource
500 _aإهداء من حسن على
546 _aالنص باللغة العربية
650 1 _aالتشريعات المتعلقة بالمخدرات
_2qrmak
650 1 _aالقانون الجنائى
_2qrmak
651 1 _2qrmak
856 4 0 _uhttps://fll.law.cu.edu.eg/fulltext/bks/B10-12121.pdf
905 _a54
942 _2ddc
_cBK
_e21
_n0
999 _c76566
_d76566